| 000 | 00526nam a2200217 454500 | ||
|---|---|---|---|
| 001 | 072221 | ||
| 003 | BD-ChCU | ||
| 008 | Eng | ||
| 020 | _ax | ||
| 040 |
_aDLC _cDLC _dBD-ChCU |
||
| 082 | 0 | 0 | _a157/C692a |
| 100 | 1 |
_aColeman, James C. _bWilliam E.Broen |
|
| 245 | 1 | 0 |
_aAbnormal Psychology and Modernlife _bx |
| 250 | _a13 | ||
| 260 |
_aIndia _bD.B. Taraporevala _c2007 |
||
| 300 | _a668 | ||
| 504 | _aIncludes | ||
| 650 | 0 |
_aPsychology, Pathological _bPsychology, Pathological |
|
| 700 | 1 | _ax | |
| 942 |
_2ddc _cBK |
||
| 999 |
_c72221 _d72221 |
||